[Event "Reunion op 10th"]
[Site "St Denis"]
[Date "2008.10.12"]
[Round "3"]
[White "Oster, Jean Marie"]
[Black "Baches, Frederic"]
[Result "0-1"]
[WhiteElo "1611"]
[BlackElo "1836"]
[PlyCount "38"]
[EventDate "2008.10.11"]
[EventType "swiss"]
[EventRounds "9"]
[EventCountry "RUF"]
[SourceTitle "EXT 2009"]
[Source "ChessBase"]
[SourceDate "2008.11.26"]
[SourceVersion "1"]
[SourceVersionDate "2008.11.26"]
[SourceQuality "1"]

1. c4 f5 2. d4 Nf6 3. Nc3 e6 4. Nf3 c6 5. Bd2 d5 6. e3 Bd6 7. cxd5 exd5 8. g3 0-0 9. Bg2 Nbd7 10. 0-0 Qe8 11. Ne1 b6 12. Kh1 Ba6 13. Rg1 Ng4 14. Qf3 Qh5 15. h3 Ndf6 16. Nc2 Ne4 17. Rgd1 Ngxf2+ 18. Kg1 Qxf3 19. Bxf3 Nxd1 0-1

[Event "Reunion op 08th"]
[Site "Etang Sale"]
[Date "2006.10.19"]
[Round "7"]
[White "De Robillard, Vincent"]
[Black "Oster, Jean Marie"]
[Result "1/2-1/2"]
[WhiteElo "1604"]
[BlackElo "1695"]
[PlyCount "116"]
[EventDate "2006.10.14"]
[EventType "swiss"]
[EventRounds "9"]
[EventCountry "FRA"]
[SourceTitle "EXT 2007"]
[Source "ChessBase"]
[SourceDate "2006.11.23"]
[SourceVersion "1"]
[SourceVersionDate "2006.11.23"]
[SourceQuality "1"]

1. d4 c5 2. e3 e6 3. c4 cxd4 4. exd4 Nf6 5. Nf3 g6 6. Nc3 Bg7 7. d5 0-0 8. Be2 a6 9. dxe6 dxe6 10. 0-0 Nbd7 11. Qc2 Qc7 12. b3 b6 13. Bb2 Bb7 14. Nd2 Ne5 15. Rfe1 Neg4 16. Nf1 Rad8 17. Bxg4 Nxg4 18. Na4 b5 19. Bxg7 Kxg7 20. Qc3+ Kg8 21. cxb5 Qxc3 22. Nxc3 Rd3 23. bxa6 Bxa6 24. Na4 Rd4 25. Rad1 Rfd8 26. Rxd4 Rxd4 27. h3 Nf6 28. Nc5 Bb5 29. a4 Bc6 30. Nxe6 fxe6 31. Rxe6 Bd5 32. Rxf6 Bxb3 33. a5 Rd1 34. Rc6 Ra1 35. a6 Bd5 36. Rc8+ Kg7 37. Rc7+ Kh6 38. a7 g5 39. f3 Kg6 40. Kf2 h5 41. Nd2 h4 42. Ke3 Ra4 43. Ne4 Kf5 44. Nd6+ Ke5 45. Nc4+ Bxc4 46. Rxc4 Ra3+ 47. Kf2 Rxa7 48. Rc5+ Kf6 49. Rc1 Re7 50. g3 hxg3+ 51. Kxg3 Re5 52. Kg4 Kg6 53. Rc6+ Kg7 54. Rc4 Kg6 55. Re4 Rc5 56. h4 gxh4 57. Kxh4 Kf5 58. Rg4 Rc1 1/2-1/2

[Event "Reunion op 08th"]
[Site "Etang Sale"]
[Date "2006.10.14"]
[Round "1"]
[White "Rodier, David"]
[Black "Oster, Jean Marie"]
[Result "1-0"]
[WhiteElo "2148"]
[BlackElo "1707"]
[PlyCount "49"]
[EventDate "2006.10.14"]
[EventType "swiss"]
[EventRounds "9"]
[EventCountry "FRA"]
[SourceTitle "EXT 2007"]
[Source "ChessBase"]
[SourceDate "2006.11.23"]
[SourceVersion "1"]
[SourceVersionDate "2006.11.23"]
[SourceQuality "1"]

1. d4 Nf6 2. c4 e6 3. Nc3 d5 4. e3 b6 5. cxd5 Nxd5 6. e4 Nxc3 7. bxc3 Bb7 8. Bd3 Be7 9. Qg4 g6 10. Ne2 f5 11. exf5 exf5 12. Qg3 0-0 13. h4 Qd5 14. Nf4 Qc6 15. Bd2 Bd6 16. 0-0 Bxf4 17. Bxf4 Qxc3 18. Rac1 Qxd4 19. Be5 Qd8 20. Rxc7 Rf7 21. Bc4 Bd5 22. Rd1 Rxc7 23. Bxc7 Qd7 24. Rxd5 Qa4 25. Rd8+ 1-0

[Event "Sainte Marie op"]
[Site "Sainte Marie"]
[Date "2005.10.23"]
[Round "9"]
[White "Vaast, Jean Philippe"]
[Black "Oster, Jean Marie"]
[Result "0-1"]
[WhiteElo "1520"]
[BlackElo "1670"]
[PlyCount "78"]
[EventDate "2005.10.15"]
[EventType "swiss"]
[EventRounds "9"]
[EventCountry "FRA"]
[SourceTitle "EXT 2006"]
[Source "ChessBase"]
[SourceDate "2005.11.24"]
[SourceVersion "1"]
[SourceVersionDate "2005.11.24"]
[SourceQuality "1"]

1. b4 e6 2. Bb2 Nf6 3. a3 d5 4. Nf3 Bd7 5. e3 Be7 6. c4 dxc4 7. Bxc4 b5 8. Be2 c5 9. bxc5 Bxc5 10. d4 Be7 11. 0-0 0-0 12. Nbd2 Bc6 13. Bd3 Nbd7 14. Bc2 Rc8 15. e4 Qc7 16. h3 Qb7 17. Re1 Nb6 18. Qb1 g6 19. Re3 Rc7 20. Ne5 Rfc8 21. Nxc6 Qxc6 22. Bd3 Na4 23. d5 exd5 24. Be5 Qc1+ 25. Nf1 Qxb1 26. Rxb1 Rb7 27. Bxf6 Bxf6 28. exd5 a6 29. Ng3 Rd8 30. Ne4 Bg7 31. d6 f5 32. Ng3 Rbd7 33. Bxb5 axb5 34. Rxb5 f4 35. Re7 fxg3 36. fxg3 Rxd6 37. Rbb7 Bd4+ 38. Kf1 h5 39. Re4 Nc5 0-1

[Event "Sainte Marie op"]
[Site "Sainte Marie"]
[Date "2005.10.22"]
[Round "8"]
[White "Oster, Jean Marie"]
[Black "Dijoux, Julien"]
[Result "1/2-1/2"]
[WhiteElo "1670"]
[BlackElo "1860"]
[PlyCount "150"]
[EventDate "2005.10.15"]
[EventType "swiss"]
[EventRounds "9"]
[EventCountry "FRA"]
[SourceTitle "EXT 2006"]
[Source "ChessBase"]
[SourceDate "2005.11.24"]
[SourceVersion "1"]
[SourceVersionDate "2005.11.24"]
[SourceQuality "1"]

1. Nf3 d5 2. c4 e6 3. e3 Nf6 4. cxd5 exd5 5. Nc3 c6 6. d4 Bb4 7. a3 Bxc3+ 8. bxc3 Bg4 9. Be2 Ne4 10. Qb3 Qc7 11. 0-0 Nd7 12. c4 Ndf6 13. cxd5 Nxd5 14. Bc4 Bxf3 15. Bxd5 cxd5 16. gxf3 Nf6 17. Bd2 Qd7 18. Rac1 Rb8 19. Bb4 g5 20. Kh1 b5 21. Rc5 Qh3 22. Qd1 h5 23. Rg1 g4 24. Rg3 Qh4 25. Rc7 Nd7 26. Rxa7 Rc8 27. Rb7 Rh6 28. Rxb5 Rhc6 29. Bc5 Nxc5 30. dxc5 Rxc5 31. Rxc5 Rxc5 32. fxg4 hxg4 33. Qxg4 Rc1+ 34. Kg2 Qe7 35. Qa4+ Qd7 36. Qxd7+ Kxd7 37. Rg4 f5 38. Rd4 Ke6 39. a4 Ke5 40. f4+ Ke6 41. Rb4 Rc2+ 42. Kg3 Rc3 43. Kf3 Ra3 44. Rb6+ Ke7 45. Ra6 d4 46. h4 Rxe3+ 47. Kf2 Rh3 48. Ra5 Ke6 49. Re5+ Kf6 50. Rd5 d3 51. a5 Rxh4 52. Rd4 d2 53. Ke2 Rh2+ 54. Kd1 Rh1+ 55. Kxd2 Ra1 56. Rd5 Ke6 57. Rb5 Ra2+ 58. Ke3 Ra3+ 59. Kf2 Ra2+ 60. Ke3 Ra3+ 61. Kd4 Ra4+ 62. Ke3 Ra3+ 63. Ke2 Ra4 64. Re5+ Kf6 65. Kf3 Ra3+ 66. Ke2 Ra4 67. Ke3 Ra3+ 68. Kf2 Ra4 69. Kg3 Ra3+ 70. Kh4 Ra4 71. Kg3 Ra3+ 72. Kh4 Ra4 73. Kg3 Ra3+ 74. Kf2 Ra4 75. Ke3 Ra3+ 1/2-1/2

[Event "Sainte Marie op"]
[Site "Sainte Marie"]
[Date "2005.10.20"]
[Round "6"]
[White "Kourbanhoussen, Kassim"]
[Black "Oster, Jean Marie"]
[Result "1-0"]
[WhiteElo "1820"]
[BlackElo "1670"]
[PlyCount "95"]
[EventDate "2005.10.15"]
[EventType "swiss"]
[EventRounds "9"]
[EventCountry "FRA"]
[SourceTitle "EXT 2006"]
[Source "ChessBase"]
[SourceDate "2005.11.24"]
[SourceVersion "1"]
[SourceVersionDate "2005.11.24"]
[SourceQuality "1"]

1. d4 c5 2. d5 Nf6 3. c4 e6 4. Nc3 exd5 5. cxd5 d6 6. e4 Be7 7. Nf3 Nbd7 8. Bd3 0-0 9. 0-0 Ng4 10. Bf4 a6 11. a4 Bf6 12. Bxd6 Re8 13. h3 Nge5 14. Nxe5 Bxe5 15. Bxe5 Nxe5 16. Ne2 Qf6 17. b3 Qg6 18. Ng3 Bd7 19. Rc1 Rac8 20. Re1 a5 21. Qe2 b6 22. Bb5 Rc7 23. Bxd7 Rxd7 24. Nf5 Qf6 25. Qb5 Qd8 26. Qe2 Ng6 27. Qb2 f6 28. Rcd1 Ne5 29. Qd2 g6 30. Nh6+ Kg7 31. f4 Nc6 32. Ng4 Nd4 33. f5 g5 34. Re3 Ree7 35. Rde1 h6 36. e5 fxe5 37. f6+ Kh7 38. fxe7 Rxe7 39. Rxe5 Rxe5 40. Rxe5 Qd6 41. Qd3+ Kg7 42. Qe3 Kg6 43. h4 Kh5 44. Rxg5+ Kxh4 45. Nxh6 Ne2+ 46. Kf2 Qf4+ 47. Qxf4+ Nxf4 48. Rg4+ 1-0

[Event "Sainte Marie op"]
[Site "Sainte Marie"]
[Date "2005.10.19"]
[Round "5"]
[White "Oster, Jean Marie"]
[Black "Blard, Jerome"]
[Result "0-1"]
[WhiteElo "1670"]
[BlackElo "1866"]
[PlyCount "82"]
[EventDate "2005.10.15"]
[EventType "swiss"]
[EventRounds "9"]
[EventCountry "FRA"]
[SourceTitle "EXT 2006"]
[Source "ChessBase"]
[SourceDate "2005.11.24"]
[SourceVersion "1"]
[SourceVersionDate "2005.11.24"]
[SourceQuality "1"]

1. Nf3 d5 2. c4 e6 3. e3 dxc4 4. Bxc4 a6 5. 0-0 b5 6. Be2 Bb7 7. d4 Nf6 8. Nbd2 Bd6 9. a4 b4 10. Nc4 a5 11. b3 0-0 12. Bb2 Ne4 13. Rc1 Nd7 14. Qd3 Nb6 15. Rfd1 Nxc4 16. Qxc4 Nc3 17. Bxc3 Ba6 18. Qc6 Bxe2 19. Rd2 Bxf3 20. Qxf3 bxc3 21. Rd3 Bb4 22. e4 Qg5 23. Rc2 Rad8 24. g3 Qf6 25. Qe3 Rd7 26. f4 Rfd8 27. e5 Qe7 28. Qf3 g6 29. Kf1 Rxd4 30. Rxd4 Rxd4 31. Qc6 Qd7 32. Qa8+ Qd8 33. Qxd8+ Rxd8 34. Ke2 Rd2+ 35. Rxd2 cxd2 36. g4 Kf8 37. h4 Ke7 38. Kd1 Kd7 39. Kc2 Kc6 40. h5 Kd5 41. f5 gxf5 0-1